El arte y sus manifestaciones en el Perú pre-colombino / (Record no. 13175)

000 -CABECERA
fixed length control field 01110nam a22002057a 4500
003 - IDENTIFICADOR DEL NÚMERO DE CONTROL
control field AR-CdUCM
008 - DATOS DE LONGITUD FIJA--INFORMACIÓN GENERAL
fixed length control field 190411b ||||| |||| 00| 0 spa d
040 ## - FUENTE DE LA CATALOGACIÓN
Agencia/entidad que catalogó originalmente la obra MUNICIPALIDAD PROVINCIAL DEL CUSCO
Entidad que transcribió la catalogación BIBLIOTECA MUNICIPAL DEL CUSCO
082 ## - NÚMERO DE LA CLASIFICACIÓN DECIMAL DEWEY
No. de Clasificación C / 709.85 /
Notacion interna V38
100 ## - ENTRADA PRINCIPAL--NOMBRE DE PERSONA
Nombre Personal Velasco Astete, Domingo
245 ## - MENCIÓN DE TÍTULO
Título El arte y sus manifestaciones en el Perú pre-colombino /
260 ## - PUBLICACIÓN, DISTRIBUCIÓN, ETC.
Lugar de publicación, distribución, etc. Cuzco :
Nombre de la editorial, distribuidor, etc. H.G. Rozas,
Fecha de publicación, distribución, etc. 1928.
300 ## - DESCRIPCIÓN FÍSICA
Nº de Páginas Extensión 110 páginas ;
Dimensiones 21 cm.
505 ## - NOTA DE CONTENIDO CON FORMATO
Nota de contenido formateada Contenido: Causas que determinan la producción intelectual -- Influencia de la raza en la producción artística -- El arte como producto de una época -- Origen étnico de las poblaciones Precolombinas de América -- El medio físico -- Datos geográficos del Perú antiguo -- Influencia de los Andes en la vida del Perú -- La costa, la sierra, el bosque, el paisaje -- Culturas: Chimú, Nazca, de los valles centrales, de la sierra, Tiahuanaco, Incaica, Chavín y Recuay.
650 ## - PUNTO DE ACCESO ADICIONAL DE MATERIA--TÉRMINO DE MATERIA
Descriptor Arte peruano
9 (RLIN) 5992
650 ## - PUNTO DE ACCESO ADICIONAL DE MATERIA--TÉRMINO DE MATERIA
Descriptor Historia
9 (RLIN) 136
650 ## - PUNTO DE ACCESO ADICIONAL DE MATERIA--TÉRMINO DE MATERIA
Descriptor Época prehispánica
9 (RLIN) 2714
942 ## - ELEMENTOS DE PUNTO DE ACCESO ADICIONAL (KOHA)
Fuente de clasificación
Tipo de item Libros-BMC
945 ## - PROCESAMIENTO DE INFORMACIÓN LOCAL (OCLC)
Catalogador acv
AAAA-MM-DD - Fecha de ingreso o modificacion 2019-04-11
Holdings
Estado de retiro (separado) Fuente de clasificación o esquema de estanterías Estado dañado Ubicación Sala donde se ubica Nombre de la colección Fecha de adquisición o compra Costo, precio normal en soles Signatura topográfica Código de Barras Última vez visto (Koha) Tipo de ítem (Koha)
No     Sala Cusco Antiguo Sala Cusco Antiguo Book Cart 2019-04-11 50.00 C / 709.85 / V38 SCA0002538 2019-04-11 Libros-BMC

Powered by Koha